Woh khawab hova/ (Record no. 330610)

000 -LEADER
fixed length control field nam a22 7a 4500
003 - CONTROL NUMBER IDENTIFIER
control field NUST
005 - DATE AND TIME OF LATEST TRANSACTION
control field 20170725201219.0
008 - FIXED-LENGTH DATA ELEMENTS--GENERAL INFORMATION
fixed length control field 170725b xxu||||| |||| 00| 0 eng d
040 ## - CATALOGING SOURCE
Transcribing agency NUST
082 ## - DEWEY DECIMAL CLASSIFICATION NUMBER
Classification number 891.4391
Author Mark RAS
100 ## - MAIN ENTRY--PERSONAL NAME
Personal name Rashid, Nasrin
9 (RLIN) 3572
245 ## - TITLE STATEMENT
Title Woh khawab hova/
Statement of responsibility, etc. by Nasrin Rashid
260 ## - PUBLICATION, DISTRIBUTION, ETC.
Place of publication, distribution, etc. Islamabad:
Name of publisher, distributor, etc. A. R printers,
Date of publication, distribution, etc. 2015
300 ## - PHYSICAL DESCRIPTION
Extent 61 p.
500 ## - GENERAL NOTE
General note Poetry
546 ## - LANGUAGE NOTE
Language note In urdu
650 ## - SUBJECT ADDED ENTRY--TOPICAL TERM
Topical term or geographic name entry element Urdu Literature
Form subdivision Poetry
9 (RLIN) 3519
880 ## - ALTERNATE GRAPHIC REPRESENTATION
Linkage 100-01\(3\r
Title نسرین راشد
880 ## - ALTERNATE GRAPHIC REPRESENTATION
Linkage 245-02\(3\r
Title وہ خواب ہوا
c نسرین راشد
880 ## - ALTERNATE GRAPHIC REPRESENTATION
Linkage 260-03\(3\r
Title اسلام آباد:
b اے - آر پرنٹرز،
c 2015
942 ## - ADDED ENTRY ELEMENTS (KOHA)
Source of classification or shelving scheme
Koha item type Book
Holdings
Withdrawn status Lost status Source of classification or shelving scheme Damaged status Not for loan Permanent Location Current Location Shelving location Date acquired Full call number Barcode Date last seen Copy number Price effective from Koha item type
          Central Library (CL) Central Library (CL) Fiction 07/25/2017 891.4391 RAS CL1085 07/25/2017 1 07/25/2017 Book
© 2023 Central Library, National University of Sciences and Technology. All Rights Reserved.